000 00611nam a2200181Ia 4500
003 GCL
008 140319s9999 xx 000 0 ara d
040 _aGCL /
_cGCL
082 0 4 _a371.92
_bم س
100 1 _aمحمد عبدالمؤمن حسين
245 1 0 _aسيكولوجية غير العاديين و تربيتهم /
_cمحمد عبدالمؤمن حسين
260 _aالقاهرة :
_bدار الفكر الجامعى
300 _a312 ص ؛
_c24 سم
650 0 4 _aالاعاقة
650 0 4 _aالمعوقون ذهنيا
650 0 4 _aالمعوقون - رعاية وعلاج
942 _2ddc
_cBK
999 _c5056
_d5056